000 00238nam a2200097Ia 4500
005 20251222114355.0
008 251222s1900||||xx |||||||||||||| ||spa||
082 _aDVD0090/L95/2006
245 0 _aHubble: Telescopio en el espacio:
942 _cDVD
999 _c1406
_d1406